Najlepiej rozwinięte państwa Afryki - Statystyki

Ogólne statystyki
  • Ten quiz został rozwiązany 85 razy
  • Średni wynik to 7 z 10
Statystyki odpowiedzi
Miejsce na liście Odpowiedź % Poprawnych
8. (0.691) [kraj średnio rozwinięty] Egipt
96%
9. (0.666) [kraj średnio rozwinięty] RPA
96%
3. (0.745) [kraj wysoko rozwinięty] Algieria
93%
10. (0.647) [kraj średnio rozwinięty] Maroko
92%
4. (0.725) [kraj wysoko rozwinięty] Tunezja
87%
5. (0.716) [kraj wysoko rozwinięty] Libia
81%
1. (0.782) [kraj wysoko rozwinięty] Seszele
57%
6. (0.698) [kraj średnio rozwinięty] Botswana
49%
2. (0.781) [kraj wysoko rozwinięty] Mauritius
47%
7. (0.697) [kraj średnio rozwinięty] Gabon
46%
Nie znaleziono quizów pasujących do podanych kryteriów
Rozkład punktacji
Procent ludzi z każdym wynikiem
Percentyl według liczby udzielonych odpowiedzi
Twoja historia wyników
Nie rozwiązałeś tego quizu